000 nam a22 7a 4500
999 _c9506
_d9506
008 180201b ||||| |||| 00| 0 eng d
100 _aSinghal, A
_9319
245 _aLab Manual: Mathematics - X
260 _aNew Delhi
_bHoly Faith Publication
_c2008